Famous People from Toronto - Statistics

General Stats
  • This quiz has been taken 46 times
  • The average score is 8 of 15
Answer Stats
Hint Answer % Correct
"God's plan" singer Drake
93%
"Ace Ventura" actor Jim Carrey
84%
Took the red pill Keanu Reeves
67%
"Shagadelic" James Bond spoof actor Mike Myers
67%
Crack smoking mayor Rob Ford
60%
Succeeded by Justin Trudeau Stephen Harper
53%
"The Handmaid's Tale" author Margaret Atwood
47%
Captain Von Trapp in "The Sound of Music" Christopher Plummer
44%
"Grammy snubbed" Super Bowl LV R&B artist The Weeknd
44%
Sikh leader of New Democratic Party Jagmeet Singh
40%
Stand-up comedian and "America's Got Talent" judge Howie Mandel
37%
Formed "Buffalo Springfield" Neil Young
37%
"Deconstructivist" architect of Guggenheim Bilbao Frank Gehry
35%
Starred in "Arrested Development" and "BoJack Horseman" Will Arnett
35%
Disputed co-discoverer of Insulin Sir Frederick Banting
26%
No matching quizzes found
Score Distribution
Percent of People with Each Score
Percentile by Number Answered
Your Score History
You have not taken this quiz